000 02122nam a22003377a 4500
999 _c21720
_d21720
003 AR-CdUCM
008 190425b ||||| |||| 00| 0 spa d
040 _aMUNICIPALIDAD PROVINCIAL DEL CUSCO
_cBIBLIOTECA MUNICIPAL DEL CUSCO
082 _aRev.Univ/N°66/1934
_bRev.Univ/N°66/1934
_21934
110 _aUniversidad Nacional de San Antonio Abad del Cusco
_915942
245 _aRevista Universitaria :
_bÓrgano de la Universidad menor del Cuzco, fundada en 1696 /
260 _aCusco :
_bH. G. Rozas,
_cmarzo1934.
300 _a248 páginas. :
_c20 cm.
440 _aRevista Universitaria
_nAño XXIII, 1934, N°66
_945855
505 _aContenido: Conferencia. Miguel Ángel Nieto. -- La Región del Cusco. Roberto Gohring. -- Cuzco panorámico. Domingo Velasco Astete. -- Las tres funciones del Cusco. Luis A. Pardo. -- Naufragio y muerte del geólogo J. W. Gregory en el Pongo del Mainique. -- El rio Urubamba. Fed. P. de L. -- Situación del colono peruano. Francisco Ponce de León. -- Origen de los rayos cósmicos. S. Astete Ch. -- Estudio sobre la flora del departamento del Cuzco. Fortunato L. Herrera. -- Novelistas peruanos. A. Yépez Miranda. -- Industrias nacionales. Felipe Urquieta. -- La interpretación sociológica de la arquitectura del antiguo Perú. Atilio Sivirichi. -- El diferendo Perú-Colombiano. M.A. Nieto. -- Por que los Incas prohibieron la escritura. J. Salomón Vallivían. -- Interesante sinopsis de Machupijchu. Luis E. Valcárcel. -- Encuesta. -- Una tradición cusqueña. Ángel Carreño.
650 _aBotánica cusqueña
_945807
650 _aFundación del Cusco
_927615
650 _aHistoria del Cusco
_91714
650 _aLiteratura cusqueña
_945856
650 _aNovela peruana
_945857
650 _aEscritura Inka
_945858
650 _aMachupicchu
_91751
700 _aYépez Miranda, Alfredo
_94230
700 _aFortunato L. Herrera
_945853
700 _aLuis A. Pardo
_945854
700 _aCarreño, Ángel
_927901
700 _aSivirichi, Atilio
_97194
710 _aUniversidad Nacional de San Antonio Abad del Cusco
_915942
942 _2ddc
_cPP
945 _arac